000 00609nam a2200205Ia 4500
003 GCL
008 140319s9999 xx 000 0 ara d
040 _aGCL /
_cGCL
082 0 4 _a184
_bم ا
100 1 _aمرفت عزت بالى
245 1 0 _aافلوطين والنزعه الصوفية فى فلسفته /
_cمرفت عزت بالى
260 _a[S.N] :
_bمكتبة الانجلوالمصرية ،
_c1991
300 _a503 ص
490 _a
650 0 4 _aالفلسفة
650 0 4 _aالفلسفة اليونانية
650 0 4 _aالوجود
650 0 4 _aافلاطون
942 _2ddc
_cBK
999 _c31682
_d31682